Mathematics : a concise history and philosophy

Saved in:
Bibliographic Details
Main Author: Anglin, W. S.
Format: Book
Language:English
Published: New York ; Berlin : Springer, 1994
Series:Undergraduate texts in mathematics. Readings in mathematics
Subjects:
Tags: Add Tag
No Tags, Be the first to tag this record!

MARC

LEADER 00000nam a2200000 i 4500
001 1/80500
008 990510s1994 eng d
020 |a 0-387-94280-7 
035 |l 10050651 
040 |a GR-MY-UA  |b gre  |e aacr 
041 0 |a eng 
082 0 |a 510.9 
100 1 |a Anglin, W. S. 
245 1 0 |a Mathematics :  |b a concise history and philosophy /  |c W. S. Anglin 
260 |a New York ; Berlin :   |b Springer,   |c 1994 
300 |a xi, 261 p.;  |b ill.;  |c 24 cm. 
490 1 |a Undergraduate texts in mathematics. Readings in mathematics 
500 |a Includes bibliography and index 
650 0 0 |a Mathematics  |x History. 
650 0 0 |a Mathematics  |x Philosophy. 
830 0 |a Undergraduate texts in mathematics. Readings in mathematics 
852 |a INST  |b RHODES  |e 19990804  |h 510.9 ANG  |p 005400014408  |q 005400014408  |t BK  |y 0 
852 |a INST  |b SAMOS  |e 19990510  |h 510.9 ANG  |p 005300014684  |q 005300014684  |t BK  |y 0 
901 |a BIBL3-1999-2 
901 |a BIBL4-1999-2 
909 |a Σ  |b 064444 
909 |a Ρ  |b 066586 
922 |a 3ΕΛΗ  |b 199902  |c ΚΠΣ  |d GLORY 
922 |a 4ΕΛΗ  |b 199907  |c ΚΠΣ/154  |d LEADER 
970 |z 1999/08/04  |a ΚΟΥΛΑΚΙΟΤΗ  |b ΛΙΤΣΑ